Sports Quiz

Random Sports or NHL Quiz
Score 0/137 Timer 10:00
1 Play Today
Team Player % Correct
PittsburghJake Guentzel
87%
WashingtonAlexander Ovechkin
86.8%
WashingtonAlexander Ovechkin
86.8%
WashingtonAlexander Ovechkin
86.8%
WashingtonAlexander Ovechkin
86.8%
AnaheimCorey Perry
84.6%
CalgaryJarome Iginla
84.4%
CalgaryJarome Iginla
84.4%
CalgaryJarome Iginla
84.4%
CalgaryJarome Iginla
84.4%
AnaheimTeemu Selanne
84.2%
AnaheimTeemu Selanne
84.2%
Phoenix/WinnipegTeemu Selanne
84.2%
PittsburghEvgeni Malkin
82.4%
ColoradoJoe Sakic
82%
ColoradoJoe Sakic
82%
ColumbusRick Nash
82%
ColumbusRick Nash
82%
PittsburghEvgeni Malkin
82%
ColoradoNathan MacKinnon
81.8%
AnaheimCorey Perry
81.1%
VancouverDaniel Sedin
80.5%
PittsburghSIdney Crosby
80%
Tampa BaySteven Stamkos
79.9%
Tampa BayNikita Kucherov
78.8%
Tampa BayBrayden Point
78.6%
EdmontonMark Messier
77.6%
NY RangersMark Messier
77.6%
Dallas/MinnesotaMike Modano
76.3%
Carolina/HartfordEric Staal
75.9%
Carolina/HartfordEric Staal
75.9%
Tampa BaySteven Stamkos
74.1%
DetroitHenrik Zetterberg
73.2%
NY RangersJaromir Jagr
73%
St. LouisBrett Hull
72.5%
St. LouisBrett Hull
72.5%
Winnipeg/AtlantaIlya Kovalchuk
72.3%
Winnipeg/AtlantaIlya Kovalchuk
72.2%
Winnipeg/AtlantaIlya Kovalchuk
72.2%
Winnipeg/AtlantaPatrik Laine
71.6%
St. LouisVladimir Tarasenko
71%
FloridaPavel Bure
70.7%
FloridaPavel Bure
70.7%
OttawaDany Heatley
70.2%
OttawaDany Heatley
70.2%
OttawaDany Heatley
70.2%
Team Player % Correct
Tampa BayNikita Kucherov
70.2%
OttawaDaniel Alfredsson
70.2%
OttawaDaniel Alfredsson
70.2%
ChicagoPatrick Kane
69.9%
WashingtonAlexander Ovechkin
69.2%
VegasWilliam Karlsson
69.2%
AnaheimPaul Kariya
68.7%
EdmontonConnor McDavid
68.2%
TorontoMats Sundin
67.9%
TorontoMats Sundin
67.9%
MinnesotaMarian Gaborik
67.9%
NY RangersMarian Gaborik
67.9%
San JosePatrick Marleau
65.9%
EdmontonLeon Draisaitl
65.1%
Los AngelesLuc Robitaille
62.9%
Los AngelesLuc Robitaille
62.9%
Los AngelesLuc Robitaille
62.9%
Los AngelesLuc Robitaille
62.9%
San JoseJoe Pavelski
62.7%
ChicagoPatrick Kane
61.9%
New JerseyZach Parise
61%
BuffaloThomas Vanek
60.1%
BuffaloThomas Vanek
60.1%
DetroitMarian Hossa
60%
Winnipeg/AtlantaMarian Hossa
60%
ColoradoMilan Hejduk
58.5%
ColoradoMilan Hejduk
58.5%
New JerseyPatrik Elias
58.4%
VancouverMarkus Naslund
58%
VancouverMarkus Naslund
58%
MontrealMats Naslund
57.9%
ColumbusCam Atkinson
57.5%
BostonCam Neely
56.7%
BostonCam Neely
56.7%
Carolina/HartfordBrendan Shanahan
56.1%
DetroitBrendan Shanahan
56.1%
DetroitBrendan Shanahan
56.1%
DetroitBrendan Shanahan
56.1%
BuffaloJeff Skinner
55.6%
New JerseyAlexander Mogilny
54.2%
NY RangersMarian Gaborik
53.5%
PhiladelphiaJeff Carter
53.1%
VancouverRyan Kesler
53%
San JoseJonathan Cheechoo
52.7%
Phoenix/WinnipegKeith Tkachuk
50.6%
Phoenix/WinnipegKeith Tkachuk
50.6%
Team Player % Correct
Phoenix/WinnipegKeith Tkachuk
50.6%
Phoenix/WinnipegKeith Tkachuk
50.6%
PhiladelphiaJohn LeClair
50.6%
PhiladelphiaJohn LeClair
50.6%
BuffaloPat LaFontaine
49.4%
CalgaryTheoren Fleury
48.7%
New JerseyClaude Lemieux
47.9%
VancouverTodd Bertuzzi
47.3%
ChicagoAlex DeBrincat
44.6%
Dallas/MinnesotaJamie Benn
43.7%
ChicagoTony Amonte
43.4%
ChicagoTony Amonte
43.4%
NY RangersRick Nash
41.6%
PittsburghJames Neal
41.5%
TorontoJohn Tavares
41.3%
PhiladelphiaSimon Gagne
40.9%
PhiladelphiaSimon Gagne
40.9%
San JoseOwen Nolan
37.1%
New JerseyBrian Gionta
36.5%
BostonAdam Oates
36%
TorontoDave Andreychuk
35.1%
BostonGlen Murray
35%
MontrealVincent Damphousse
33.4%
NY IslandersZigmund Palffy
32.7%
NY IslandersZigmund Palffy
32.7%
NY IslandersZigmund Palffy
32.7%
BuffaloMiroslav Satan
32%
BostonBill Guerin
30.7%
TorontoAuston Matthews
30.6%
NY IslandersJason Blake
30.6%
Dallas/MinnesotaBrian Bellows
30.1%
MontrealBrian Bellows
30.1%
St. LouisBrad Boyes
27.8%
MontrealStephane Richer
25.8%
MontrealStephane Richer
25.8%
EdmontonConnor McDavid
25.7%
Dallas/MinnesotaTyler Seguin
23.2%
NY IslandersAnders Lee
21.6%
Carolina/HartfordJeff O'Neill
20.1%
Carolina/HartfordGeoff Sanderson
17.1%
St. LouisScott Young
16.5%
MinnesotaEric Staal
14.8%
EdmontonPetr Klima
14.8%
Dallas/MinnesotaDave Gagner
13.6%
Los AngelesTomas Sandstrom
13.4%

You're not logged in!

Compare scores with friends on all Sporcle quizzes.
OR
Log In

Sporcle TV

Today on Sporcle TV


Watch our educational content, quiz creation guides, and fun videos on Sporcle TV.

Show Comments

Extras

Top Quizzes Today


Score Distribution

Paid Content

Your Account Isn't Verified!

In order to create a playlist on Sporcle, you need to verify the email address you used during registration. Go to your Sporcle Settings to finish the process.

Report this User

Report this user for behavior that violates our Community Guidelines.

Details: